| 000 | 02962nam0a2200457 i 4500 | ||
|---|---|---|---|
| 001 | RU\NLR\bibl\2038112 | ||
| 005 | 20241105131420.0 | ||
| 010 |
_a9785444200254 _9500 |
||
| 021 |
_aRU _b2013-34256 _92343 |
||
| 035 | _a(NLR Aleph) 002025457 | ||
| 090 |
_a4524918 _c4524918 |
||
| 100 | _a20130530d2012 k||y0rusy50 ca | ||
| 101 | 0 |
_arus _deng _erus _eeng |
|
| 102 | _aRU | ||
| 105 | _aa|||7|||001yy | ||
| 200 | 1 |
_aКонтроль и диагностика при обеспечении качества машиностроительных изделий _dControl and diagnostics at securing engineering products quality _fМ.И. Абашин, А.А. Барзов, С.В. Баринов [и др.] _zeng |
|
| 210 |
_aМосква _cСпектр _d2012 |
||
| 215 |
_a337 с. _cил. _d20 |
||
| 225 | 1 |
_aСерия: Машиностроение: технологии, оборудование, кадры _fред. совет: ... А.В. Киричек (гл. ред.) [и др.] |
|
| 300 | _aНа 6-7-й с. авт.: Абашин М.И., инж., Барзов А.А., д.т.н., проф., Баринов С.В., к.т.н., доц. | ||
| 300 | _aРез. на англ. яз. | ||
| 300 | _a120-летней годовщине со дня рождения выдающегося рос. авиаконструктора, Героя Соц. Труда, дважды лауреата Гос. премии СССР Н.Н. Поликарпова посвящ. | ||
| 320 | _aБиблиогр. в конце разд. | ||
| 510 | 1 |
_6z33790 _aControl and diagnostics at securing engineering products quality _zeng |
|
| 600 | 1 |
_aПоликарпов _bН.Н. _f1892 - 1944 _gНиколай Николаевич _91108141 _3RU\NLR\AUTH\66117614 |
|
| 606 | 1 |
_aДетали машин _xКачество _92075480 _3RU\NLR\AUTH\661250555 |
|
| 686 | 1 | _aК414 | |
| 686 | 1 | _aО5д(2)2Поликарпов | |
| 701 | 1 |
_7ca _8rus _aАбашин _bМ. И. _gМихаил Иванович _9139878 _3RU\NLR\AUTH\770139913 |
|
| 701 | 1 |
_7ca _8rus _aБарзов _bА. А. _f1949- _gАлександр Александрович _9139895 _3RU\NLR\AUTH\770139930 |
|
| 701 | 1 |
_aБаринов _bС. В. _cканд. техн. наук, технология машиностроения _gСергей Владимирович _9128334 _3RU\NLR\AUTH\770128364 |
|
| 702 | 1 |
_aПоликарпов _bН. Н. _f1892-1944 _gНиколай Николаевич _4570 |
|
| 790 | 1 |
_7ba _8rus _aAbašin _bM. I. _gMichail Ivanoviĉ _9139886 _3RU\NLR\AUTH\770139921 |
|
| 790 | 1 |
_7ba _8rus _aBarinov _bS. V. _cканд. техн. наук, технология машиностроения _gSergej Vladimirovič _9139888 _3RU\NLR\AUTH\770139923 |
|
| 790 | 1 |
_7ba _8rus _aBarzov _bA. A. _f1949- _gAleksandr Aleksandrovič _9139897 _3RU\NLR\AUTH\770139932 |
|
| 801 | 0 |
_aRU _bNLR _c20130530 _gRCR |
|
| 801 | 1 |
_aRU _bNLR _c20130530 |
|
| 942 | _cBOOK | ||
| 980 | _aNBR | ||